MARC

LEADER 00000nam0a2200000 4500
001 325659
005 20231102003802.0
035 |a (RuTPU)RU\TPU\book\351274 
035 |a RU\TPU\book\351272 
090 |a 325659 
100 |a 20161209d1922 km y0rusy50 ca 
101 0 |a rus 
102 |a RU 
105 |a y z 001zy 
200 1 |a Медная промышленность России. Мировой рынок  |h Ч. 1  |f А. Д. Брейтерман 
210 |a Петроград  |d 1922 
215 |a 136 с. 
225 1 |a Монографии издаваемые Комиссией по изучению естественных производительных сил России, при Российской Академии наук  |v монография 2 
320 |9 572  |a Библиография в ссылках 
606 1 |a Медная промышленность  |2 stltpush  |3 (RuTPU)RU\TPU\subj\41805  |9 61582 
610 1 |a медь 
610 1 |a россия 
610 1 |a страны мира 
610 1 |a мировые рынки 
610 1 |a сырьевые рынки 
610 1 |a полезные ископаемые 
610 1 |a 20 век 
610 1 |a история 
610 1 |a производство 
610 1 |a технология 
610 1 |a потребление 
610 1 |a цены 
675 |a 622.343  |v 3 
700 1 |a Брейтерман  |b А. Д. 
801 1 |a RU  |b 63413507  |c 20120705 
801 2 |a RU  |b 63413507  |c 20200706  |g RCR 
942 |c BK